| 000 | 01001nam a2200241Ia 4500 | ||
|---|---|---|---|
| 003 | IN-BaIIA | ||
| 008 | 211028s9999 xx 000 0 eng d | ||
| 040 | _cIIA Library | ||
| 080 |
_a52-14(082.2) _bCOD |
||
| 111 |
_aSymposium on the Scientific Results from the Orbiting Astronomical Observatory _cMassachusetts _d1971 Aug. 23-24 _912672 |
||
| 245 | 4 |
_aThe scientific results from the orbiting astronomical observatory _bproceedings of a Symposium held in Amherst Massachusetts August 23-24, 1971 _cedited by A. D. Code |
|
| 260 |
_aWashington _bNational Aeronautics and Space Administration _c1972 |
||
| 300 | _ax, 590p. | ||
| 490 | _aNASA SP; 310 | ||
| 500 | _aDonated by Mrs. Bappu | ||
| 650 |
_aAstronomy _980 |
||
| 650 | _aAstronomy and Astrophysics Thesaurus | ||
| 650 |
_aOAO-2 _912673 |
||
| 650 |
_aSpace Vehicles _93652 |
||
| 700 |
_aCode, A. D., ed. _912674 |
||
| 710 |
_aNational Aeronautics and Space Administration _94960 |
||
| 942 | _cBK | ||
| 999 |
_c7412 _d7412 |
||